Pešat, Zdeněk: Dialogy s poezií

Bibliographic Details
Main Authors: Soldán, Ladislav, 1938- (Author), Pešat, Zdeněk, 1927-2010 (Author)
Format: Article
Language:Slovak
Czech
Subjects:

MARC

LEADER 00000nab a2200000 a 4500
001 vtls000281476
003 SK-MaSNL
005 20260304073211.0
008 250423c1987 xo 0 slo
015 |a SNBRB19rr/mm-uuuuu 
035 |a CL0291594 
035 |a urn:nbn:sk:snk-abf18x 
035 |a (urnnbn)urn:nbn:sk:snk:ar-005ewy 
035 |a (uuid)7550adeb-5969-4d46-b40e-939e2a608b6e 
040 |a SNKBUCL  |b slo  |c SNKBUCL  |e AACR2 
041 0 |a cze 
044 |a xo  |c SK 
080 |a 82(091):885.0-1(048)  |2 1981 
080 |a 885.0-1(048)  |2 1981 
080 |a 885.0-1(091)(048)  |2 1981 
080 |a 82.091  |2 1981 
080 |a 885.0  |2 1981 
080 |a 885.4(048)  |2 1981 
080 |a 885.0.091  |2 1981 
080 |a 82.0(048)  |2 1981 
100 1 |a Soldán, Ladislav,  |d 1938-  |4 aut  |9 109659 
245 1 0 |a Pešat, Zdeněk: Dialogy s poezií  |c Ladislav Soldán ; Zdeněk Pešat 
650 0 7 |a poézia česká  |2 snkbucl  |9 291801 
650 0 7 |a slovenská poézia  |2 snkbucl  |9 215422 
655 7 |a články z novín a časopisov  |2 snkbucl  |9 267496 
655 7 |a články z odboru literárna veda a krásna literatúra  |2 snkbucl  |9 770045 
700 1 |a Pešat, Zdeněk,  |d 1927-2010  |4 aut  |9 211378 
773 0 |t Slovenská literatúra  |g Roč. 34, č. 3 (1987), s. 299-300 
787 0 8 |i Rec.:  |a Pešat, Zdeněk  |t Dialogy s poezií  |d Praha : Československý spisovatel, 1985 
850 |a Slovenská národná knižnica 
852 |a Slovenská národná knižnica 
958 |a article27 
958 |a RK 
958 |a CZ 
958 |a LX 
958 |a OND 
958 |a EUIPO 
992 |a RBX 
999 |c 2770121  |d 2772051